Missing Word: Four Fords Quiz Stats

 Plays Quiz Updated Feb 17, 2016

Score 0/24 Timer 03:00
0 Plays Today
Hint Answer % Correct
John FordWrath
95.2%
Francis Ford CoppolaCreepers
91.9%
Harrison FordBlade
88.9%
Francis Ford CoppolaBram
87.4%
Harrison FordAwakens
86.9%
John FordYellow
82.2%
Harrison FordGame
81.4%
Glenn FordYuma
81%
Harrison FordCowboys
78.9%
Francis Ford CoppolaBlack
76%
John FordWillie
74.1%
Glenn FordApocalypse
71.8%
Hint Answer % Correct
John FordGreen
69%
Glenn FordStarted
48.9%
Glenn FordJungle
45.3%
Harrison FordMosquito
38%
Francis Ford CoppolaFish
34.3%
John FordLincoln
32.3%
Francis Ford CoppolaGraffiti
31.2%
John FordReef
28.4%
Glenn FordBig
20.3%
Glenn FordAugust
20.2%
Harrison FordPoint
16.8%
Francis Ford CoppolaBling
13.6%

Today's Daily Dose

Missing Word
Directed by Peter

Word Ladder
Blink-182

Quick Pick
Eagles Songs

Get the Picture
NFC West Profiles

You're not logged in!

Compare scores with friends on all Sporcle quizzes.
OR
Log In

Show Comments

Extras

Top Quizzes Today


Score Distribution

Your Account Isn't Verified!

In order to create a playlist on Sporcle, you need to verify the email address you used during registration. Go to your Sporcle Settings to finish the process.

Report this User

Report this user for behavior that violates our Community Guidelines.

Details: